Statistics for Minesweeper Mini - Playable Game!

Click here to take the quiz!

General Stats

  • This quiz has been taken 130 times
  • The average score is 15 of 22

Answer Stats

Cell % Correct
A1GO
100%
B1GO
100%
B3GO
74%
A3GO
73%
B2GO
72%
B5GO
70%
D3GO
70%
C3GO
70%
B4GO
70%
A5GO
70%
A4GO
70%
C1GO
69%
C2GO
69%
D1GO
69%
D2GO
69%
C5GO
63%
D4GO
61%
D5GO
61%
E4GO
61%
E5GO
61%
FAIL
61%
E1GO
60%

Score Distribution

Percentile by Number Answered

Percent of People with Each Score

Your Score History

You have not taken this quiz